Szürkület, fenyőfák. Amit most. A TV-híradó második kiadása

Bibliographic Details
Main Author: Jódal, Kálmán (Author)
Format: Article
Language:Hungarian
Subjects:

MARC

LEADER 00000nab a2200000 a 4500
001 vtls000471778
003 SK-MaSNL
005 20260304030004.0
008 250310c1992 xo 0 hun
015 |a SNBRB19rr/mm-uuuuu 
035 |a CL0471911 
035 |a urn:nbn:sk:snk-abb9k 
035 |a (urnnbn)urn:nbn:sk:snk:ar-003592 
035 |a (uuid)0b33a61f-7fe0-4dff-8adf-1a998f3055ce 
040 |a SNKBUCL  |b slo  |c SNKBUCL  |e AACR2 
041 0 |a hun 
044 |a xo  |c SK 
080 |a 894.511 (497.1)-3=945.11  |2 1981 
100 1 |a Jódal, Kálmán  |4 aut  |9 1307989 
245 1 0 |a Szürkület, fenyőfák. Amit most. A TV-híradó második kiadása  |c Kálmán Jódal 
650 0 7 |a prózy psychologické  |2 snkbucl  |9 893892 
655 7 |a články z novín a časopisov  |2 snkbucl  |9 267496 
655 7 |a články z odboru literárna veda a krásna literatúra  |2 snkbucl  |9 770045 
773 0 |t Kalligram  |g Č. 7 (1992), s. 58-59 
850 |a Slovenská národná knižnica v Martine  |a MTA001 
852 |a SNK  |b KIS3GCP 
958 |a OND 
958 |a RK 
958 |a LX 
958 |a NX 
958 |a article27 
992 |a RBX 
999 |c 2631002  |d 2632932